Statistiken für Länder des Golfs von Bengalen mit einer leeren Karte

Klicken Sie hier um das Quiz zu spielen!

Allgemein

  • Dieses Quiz wurde 2,043 mal gespielt
  • Das Durchschnittsergebnis liegt bei 6 aus 6

Antwortstatistiken

Länder % Korrekt
Indien
99%
Bangladesch
97%
Myanmar
97%
Thailand
95%
Sri Lanka
92%
Indonesien
74%

Verteilung der Resultate

Perzentil nach korrekt beantworteten Fragen

Anzahl Personen mit jedem Resultat

Ihre Resultats-Entwicklung

Sie haben dieses Quiz noch nicht gespielt